| 000 | 00515nam a2200169Ia 4500 | ||
|---|---|---|---|
| 999 |
_c28431 _d28431 |
||
| 003 | OSt | ||
| 005 | 20201214152602.0 | ||
| 008 | 190216s9999||||xx |||||||||||||| ||und|| | ||
| 040 | _coclc | ||
| 082 |
_a894.8124 _bCHE/B |
||
| 100 |
_aChennamangaloor, Hameed _97037 |
||
| 245 | 0 |
_aBharathavathkaranathinte Vyakaranam / _cHameed Chennamagloor |
|
| 260 |
_bPoorna Publication, _aKozhikode: _c2001. |
||
| 300 | _a140p | ||
| 650 | _aLekhanam | ||
| 942 |
_cBK _2ddc _h894.8124 _iCHE/B _k894.8124 _mCHE/B |
||